02081cam a2200385 a 450000100090000000300040000900500170001300800410003001000170007102000180008803500200010604000220012604200080014804300120015605000150016806000150018308200140019810000240021224501000023625000120033626000520034830000400040050400510044050508390049165000460133065000340137665000330141065000410144365000460148465000440153065000410157465000350161570000220165070000230167216604694OSt20230411105521.0110106s2012 mauab b 001 0 eng  a 2011000582 a9780763790110 a(DNLM)101550835 aDNLM/DLCcLCdDLC apcc an-us---00aRA445.M29 10aWA 546 AA100a362.12221 aMcKenzie, James F.,13aAn introduction to community health. /cJames F. McKenzie, Robert R. Pinger, Jerome E. Kotecki. a7th ed. aSudbury, MA:bJones & Bartlett Learning,c2012. axix, 595 p. :bill., maps ;c26 cm. aIncludes bibliographical references and index.0 aContents: Community health: yesterday, today, and tomorrow -- Organizations that help shape community health -- Epidemiology: the study of disease, injury, and death in the community -- Epidemiology: prevention and control of diseases and health conditions -- Community organizing/building and health promotion programming -- The school health program: a component of community health -- The nation's health and care delivery: Maternal, infant, and child health -- Adolescents, young adults, and adults -- Elders -- Community health and minorities -- Community mental health -- Alcohol, tobacco, and other drugs: a community concern -- Health care delivery in the United States -- Environmental health and safety: Community health and the environment -- Injuries as a community health problem -- Safety and health in the workplace --  0aCommunity health serviceszUnited States. 0aPublic healthzUnited States. 0aMedical carezUnited States. 0aEnvironmental healthzUnited States.12aCommunity Health ServiceszUnited States.22aDelivery of Health CarezUnited States.22aEnvironmental HealthzUnited States.22aPublic Health zUnited States.1 aPinger, Robert R.1 aKotecki, Jerome E.